| 000 | 00609nam a2200169 a 4500 | ||
|---|---|---|---|
| 001 | 000016118 | ||
| 005 | 20200929164259.0 | ||
| 008 | 100226s1997 mx 000 0 spa d | ||
| 020 | _a9701807065 | ||
| 040 |
_aDO-SdBNP _bspa _cBNPHU |
||
| 082 |
_axxxx _bxxxx |
||
| 100 | 1 |
_aNovo, Salvador _936107 |
|
| 245 | 1 | 3 |
_aLa vida en México en el periodo presidencial de Adolfo López Mateos / _cSalvador Novo ; prólogo Sergio González Rodríguez. |
| 260 |
_aMéxico : _bConsejo nacional para la cultura y las artes, _c1997. |
||
| 300 |
_aXXIV,532 p. ; _c21 cm. |
||
| 700 | 1 | 2 |
_aGonzález Rodríguez, Sergio _epról. _936108 |
| 999 |
_c15658 _d15658 |
||